| 000 | 00498nam a2200169Ia 4500 | ||
|---|---|---|---|
| 999 |
_c36838 _d36838 |
||
| 003 | OSt | ||
| 005 | 20201215121651.0 | ||
| 008 | 190216s9999||||xx |||||||||||||| ||und|| | ||
| 040 | _coclc | ||
| 082 |
_a610 _bVYD/O |
||
| 100 |
_aVydiar, Kottakkal Kumaran _97515 |
||
| 245 | 0 |
_aOttamoolikalum Pachamarunnum / _cKottakkal Kumaran Vydiar |
|
| 260 |
_bOrient Publishers, _aKozhikod: _c2003. |
||
| 300 | _a80p | ||
| 650 | _aMalayalam | ||
| 942 |
_cREF _2ddc _h610 _iVYD/O _k610 _mVYD/O |
||